000 00924cab a2200289 4500
001 WB2934-09
008 090401t1993 xxu||||| |||| 00| 0 eng d
035 _a(Sirsi) u24989
041 _aeng
245 _aUK rage at insulation blacklist
260 _c1993
350 _a0
490 _aBuilding
_v258(7811) 17 September 1993, 9(1)
520 _aThe German Research Association is to include mineral fibres in the same risk category as asbestos. UK insulation manufacturers claim that the German tests are not in line with the WHO recommendations.
650 _aBUILT ENVIRONMENT-BUILDING MATERIALS
650 _aCANCER
650 _aGERMANY
650 _aGLASS FIBRES
650 _aHEALTH HAZARDS
650 _aMAK LIST
650 _aMINERAL FIBRES
650 _aMINERAL WOOL
650 _aTHERMAL INSULATION
690 _aBUILT ENVIRONMENT-BUILDING MATERIALS
942 _n0
948 _c04/03/1997
999 _c16759
_d16759